| 000 | 00830cam a2200205 a 4500 | ||
|---|---|---|---|
| 001 | 000013913 | ||
| 005 | 20200929163410.0 | ||
| 008 | 820130s1979 ve f000 0 spa d | ||
| 040 |
_aDO-SdBNP _cDLC _dDLC _dBNPHU |
||
| 043 | _as-ve | ||
| 110 | 1 |
_aRepública de Venezuela, _kMinisterio del Ambiente y de los Recursos Naturales Renovables. _931533 |
|
| 245 | 1 | 0 |
_aDecretos conservacionistas del libertador / _cPresentación de Carlos Febres Pobeda. |
| 260 |
_aCaracas : _bRepublica de Venezuela, Ministerio del Ambiente y de los Recursos Naturales Renovables, _c1979. |
||
| 300 |
_a59, [2] p. ; _c22 cm. |
||
| 650 | 0 |
_aNatural resources _xLaw and legislation _zColombia. _931534 |
|
| 700 | 1 |
_aFebres Pobeda, Carlos, _931535 |
|
| 910 | _aCatalogación derivada | ||
| 049 | _aBNGR | ||
| 082 | 0 | 0 |
_a346.86104/67/02632 _a348.610646702632 _219 |
| 999 |
_c13518 _d13518 |
||